书目信息 |
| 题名: |
富爸爸
|
|
| 作者: | 清崎 , 莱希特 著 ;张桦 译 | |
| 分册: | ||
| 出版信息: | 北京 电子工业出版社 2006 |
|
| 页数: | 303页 | |
| 开本: | 21cm | |
| 丛书名: | 富爸爸系列丛书 | |
| 单 册: | ||
| 中图分类: | F270-49 | |
| 科图分类: | ||
| 主题词: | 企业管理--通俗读物 | |
| 电子资源: | ||
| ISBN: | 7-121-02161-7 | |
| 000 | 01417nam0 2200373 450 | |
| 000 | 01380nam0 2200361 450 | |
| 000 | 01349nam0 2200361 450 | |
| 000 | 01295nam0 2200337 450 | |
| 000 | 01324nam0 2200325 450 | |
| 000 | 01287nam0 2200313 45 | |
| 005 | 20070106091732.04 | |
| 010 | @a7-121-02161-7@dCNY26.00 | |
| 100 | @a20060829d2006 ekmy0chiy0120 ea | |
| 101 | 0 | @achi |
| 102 | @aCN@b110000 | |
| 105 | @aa z 000yy | |
| 200 | 1 | @a富爸爸@AFu Ba Ba@e辞职创业前的10堂课@ECi Zhi Chuang Ye Qian De 10 Tang Ke@f(美)清崎,莱希特著@F( Mei) Qing Qi, Lai Xi Te Zhu@g张桦译 |
| 210 | @a北京@c电子工业出版社@d2006 | |
| 215 | @a303页@c图@d21cm | |
| 225 | @a富爸爸系列丛书@v9 | |
| 300 | @a如何创造价值百万的成功企业?每名创业者都应该学习的10堂课 | |
| 330 | @a在本书中,罗伯特不仅跟读者分享了他的成功经验,更重要的是他从失败中总结的教训。此书将带给你成为一名成功企业家的强大动力。 | |
| 410 | @12001 @a富爸爸系列丛书 | |
| 510 | @aRich Dad's Before You Quit Your Job@zeng | |
| 606 | 0 | @a企业管理@x通俗读物 |
| 690 | @aF270-49@v4 | |
| 701 | 0 | @c(美)@a清崎@AQing Qi@4著 |
| 701 | 0 | @a莱希特@ALai Xi Te@4著 |
| 702 | @a张桦@AZhang Hua@4译 | |
| 801 | 0 | @aCN@b中图数据@c20070106 |
| 905 | @a10447@dF270-49@e390 | |
| 富爸爸:辞职创业前的10堂课/(美)清崎,莱希特著/张桦译.-北京:电子工业出版社,2006 |
| 303页:图;21cm.-(富爸爸系列丛书;9) |
| 如何创造价值百万的成功企业?每名创业者都应该学习的10堂课.-←并列题名:Rich Dad's Before You Quit Your Job |
| ISBN 7-121-02161-7:CNY26.00 |
| 在本书中,罗伯特不仅跟读者分享了他的成功经验,更重要的是他从失败中总结的教训。此书将带给你成为一名成功企业家的强大动力。 |
| ● |
| 相关链接 |
|
|
|
|
正题名:富爸爸
索取号:F270-49/390
 
预约/预借
| 序号 | 登录号 | 条形码 | 馆藏地/架位号 | 状态 | 备注 |
| 1 | 0615487 | 206154873 | 第一样本阅览室/ [索取号:F270-49/390] | 在馆 | |
| 2 | 0615488 | 206154882 | 第一借阅区/ [索取号:F270-49/390] | 在馆 | |
| 3 | 0615489 | 206154891 | 第一借阅区/ [索取号:F270-49/390] | 在馆 | |
| 4 | 0615490 | 206154908 | 第一借阅区/ [索取号:F270-49/390] | 在馆 | |
| 5 | 0615491 | 206154917 | 第一借阅区/ [索取号:F270-49/390] | 在馆 | |
| 6 | 0615492 | 206154926 | 第一借阅区/ [索取号:F270-49/390] | 在馆 |